Tatrám pomôže zreálnenie cien
Rozhovor s riaditeľom Združenia cestovného ruchu Vysoké Tatry - charakteristika združenia. Prelomový kalamitný rok 2004. Členská základňa združenia. Marketingové zámery regiónu. Ako prilákať, alebo udržať hosťa. Pokles návštevnosti a tržieb na začiatku tohto roka. Znižovanie cien. Úbytok ruských a u...
Uložené v:
| Hlavný autor: | |
|---|---|
| Ďalší autori: | |
| Médium: | Kapitola |
| Jazyk: | Slovak |
| Predmet: | |
| Tagy: |
Žiadne tagy, Buďte prvý, kto otaguje tento záznam!
|
MARC
| LEADER | 00000naa$a2200000$$$4500 | ||
|---|---|---|---|
| 001 | 0106362 | ||
| 005 | 20231011125321.1 | ||
| 041 | 0 | |a slo | |
| 044 | |a SK | ||
| 245 | 1 | 0 | |a Tatrám pomôže zreálnenie cien |c Eva Blažková Brezovská, Peter Chudý |
| 520 | |a Rozhovor s riaditeľom Združenia cestovného ruchu Vysoké Tatry - charakteristika združenia. Prelomový kalamitný rok 2004. Členská základňa združenia. Marketingové zámery regiónu. Ako prilákať, alebo udržať hosťa. Pokles návštevnosti a tržieb na začiatku tohto roka. Znižovanie cien. Úbytok ruských a ukrajinských turistov. Tatry zaujímavé aj pre anglicky hovoriacich turistov. Novinky v ponuke. | ||
| 610 | 2 | 0 | |a marketing |
| 610 | 2 | 0 | |a ruch cestovný |
| 610 | 2 | 0 | |a služby |
| 610 | 2 | 0 | |a klienti |
| 610 | 2 | 0 | |a zákazníci |
| 610 | 2 | 0 | |a inovácia |
| 610 | 2 | 0 | |a združenia |
| 610 | 2 | 0 | |a Slovensko |
| 100 | 1 | |a Blažková Brezovská, Eva | |
| 700 | 1 | |a Chudý, Peter | |